Renesančný človek

Podrobná bibliografia
Hlavný autor: Cabadaj, Peter, 1966- (Autor)
Médium: Článok
Jazyk:slovenčina
Fyzický popis:Fotogr.
ISSN:0231-7303
Predmet:

MARC

LEADER 00000nab a2200000 ar4500
001 vtls010028722
005 20260414142543.0
008 091207c2009 xo qr|p|||||||000 b|slo
015 |a SNBRB2009/12 
040 |a SNKBUCL  |b slo  |c SNKBUCL  |e AACR2 
041 0 |a slo 
044 |a xo  |c SK 
080 |a 7.072  |2 2001 
080 |a 75.071.1  |2 2001 
080 |a 76.071.1  |2 2001 
100 1 |a Cabadaj, Peter,  |d 1966-  |4 aut  |9 98153 
245 1 0 |a Renesančný človek  |c Peter Cabadaj 
300 |b Fotogr. 
600 1 7 |a Cincík, Jozef G.,  |d 1909-1992  |2 SNKMA  |9 25331 
655 7 |a profily  |2 snkbucl  |9 341977 
773 0 |t Slovensko  |g Roč. XXXI, č. 2 (2009), s. 7-9  |x 0231-7303 
852 |a SNK 
958 |a BX 
999 |c 2227933  |d 2229863